MARC details
| 000 -CABECERA |
| campo de control de longitud fija |
02596nab a2200301 a 4500 |
| 005 - FECHA Y HORA DE LA ÚLTIMA TRANSACCIÓN |
| campo de control |
20240622063914.0 |
| 008 - ELEMENTOS DE LONGITUD FIJA--INFORMACIÓN GENERAL |
| campo de control de longitud fija |
991125c2019 sp qr p o 000 0 spa d |
| 035 ## - NÚMERO DE CONTROL DEL SISTEMA |
| Número de control de sistema |
UPN01000229075 |
| 040 ## - FUENTE DE LA CATALOGACIÓN |
| Centro catalogador/agencia de origen |
MX-MxUPN |
| Lengua de catalogación |
spa |
| Centro/agencia transcriptor |
MX-MxUPN |
| Normas de descripción |
aacr2 |
| 049 ## - COLECCIÓN |
| Colección |
ART-E |
| 100 1# - ASIENTO PRINCIPAL--NOMBRE PERSONAL |
| Nombre de persona |
Álvarez Blanco, Lucía |
| Enlace |
- alvarezblucia@uniovi.es |
| 245 10 - MENCIÓN DE TÍTULO |
| Título |
Modelos teóricos de implicación educativa familiar: responsabilidades compartidas entre centros educativos, familias y comunidad |
| Medio |
[recurso electrónico en línea] |
| 506 0# - NOTA DE RESTRICCIONES AL ACCESO |
| Limitaciones de acceso |
Acceso abierto |
| 520 3# - NOTA DE RESUMEN, ETC. |
| Sumario, etc. |
Los logros escolares y la calidad educativa que reciben los menores dependen, en gran medida, de la actuación que desarrollen los dos primeros agentes de socialización, la familia y el centro escolar. Los factores y condicionantes que operan diferencialmente en ellos para contribuir a la formación de los menores son variados y complejos. Sin embargo, la investigación evidencia que la frecuencia y calidad de las relaciones que se establezcan entre ellos contribuye a mejorar la eficacia educativa de ambos contextos y genera efectos positivos en el desarrollo integral del alumnado y en su rendimiento escolar, facilitando así la generación de capital humano y social. Este artículo incluye una revisión de algunos modelos teóricos en el estudio de la implicación educativa familiar y de las relaciones que cabe establecer entre los entre los centros escolares, las familias y las entidades comunitarias para promover esta colaboración. En concreto, se presenta: 1) Modelo Ecológico Sistémico; 2) Modelo de Esferas Superpuestas de Influencia; 3) Modelo “Syneducation”; 4) Modelo Causal y Específico de Implicación Parental; 5) Modelo Motivacional y de Conceptualización Multidimensional y 6) Modelo Bipiramidal Jerarquizado. Se concluye subrayando los beneficios de esta alianza educativa para facilitar el adecuado logro escolar de los y las estudiantes, su desarrollo integral, una convivencia más positiva en el centro y en el hogar y, por último, una mayor calidad educativa. |
| 650 #4 - ASIENTO SECUNDARIO DE MATERIA - TERMINO TEMATICO |
| Término de materia o nombre geográfico como elemento de entrada |
Educación familiar |
| 9 (RLIN) |
7274 |
| 650 #2 - ASIENTO SECUNDARIO DE MATERIA - TERMINO TEMATICO |
| 9 (RLIN) |
5380 |
| Término de materia o nombre geográfico como elemento de entrada |
Cooperación |
| 650 #2 - ASIENTO SECUNDARIO DE MATERIA - TERMINO TEMATICO |
| Término de materia o nombre geográfico como elemento de entrada |
Comunidad |
| 9 (RLIN) |
9262 |
| 650 #4 - ASIENTO SECUNDARIO DE MATERIA - TERMINO TEMATICO |
| Término de materia o nombre geográfico como elemento de entrada |
Familias |
| 9 (RLIN) |
44286 |
| 653 0# - TERMINO DE INDIZACION - NO CONTROLADO |
| Término no controlado |
Escuela |
| 653 0# - TERMINO DE INDIZACION - NO CONTROLADO |
| Término no controlado |
Calidad educativa |
| 653 0# - TERMINO DE INDIZACION - NO CONTROLADO |
| Término no controlado |
Modelo teórico |
| 773 ## - ENLACE AL DOCUMENTO FUENTE/ENTRADA DE REGISTRO ANFITRIÓN |
| Parte(s) relacionada(s) |
Vol. 48, no. 1 (2019), p. 19-30 |
| Título |
Aula abierta |
| Número Internacional Normalizado para Publicaciones Seriadas |
0210-2773 |
| 856 40 - LOCALIZACIÓN Y ACCESO ELECTRÓNICOS |
| Identificador Uniforme del Recurso |
<a href="https://www.unioviedo.es/reunido/index.php/AA/article/view/13292/12029">https://www.unioviedo.es/reunido/index.php/AA/article/view/13292/12029</a> |
| 856 40 - LOCALIZACIÓN Y ACCESO ELECTRÓNICOS |
| Identificador Uniforme del Recurso |
<a href="https://doi.org/10.17811/rifie.48.1.2019.19-30">https://doi.org/10.17811/rifie.48.1.2019.19-30</a> |
| 902 ## - ELEMENTOS DE DATOS B LOCAL, LDB (RLIN) |
| Creó |
Gloria Jiménez |
| Modificó |
Gloria Jiménez/300523 |
| 905 ## - TIPO DE MATERIAL |
| Tipo de material |
Articulo |
| 942 ## - ELEMENTOS DE PUNTO DE ACCESO ADICIONAL (KOHA) |
| Tipo de ítem Koha |
Artículo Electrónico |